000 00373nam a2200145Ia 4500
008 230917s9999||||xx |||||||||||||| ||und||
040 _e31274
_aMAIN
041 _aEnglish
082 _a200.1 P274M
100 _aPaton, H J
245 0 _aModern predicament: A study in the philosophy of religion
260 _aNew York
_bMacMillan
_c1958
300 _a403 p.
942 _cBK
999 _c80467
_d80467